000 00350nam a2200145Ia 4500
008 191201s2019 xx 000 0 und d
082 _a621.38456
_bLEM
100 _aLEE, William C Y
245 0 _aMobile Cellular Telecommunications
250 _a2nd
260 _aN.Delhi
_bMcGraw Hill
300 _a664
650 _aB.Tech(CSE)
942 _2ddc
_cBK
999 _c1041
_d1041